Omar the Great (the second caliph of Islam)

Bibliographic Details
Main Author: Shibli Nu'mani, Muhammad , 1857-1914 (Author)
Format: Book
Published: Lahore : Sh. Muhammad Ashraf , 1943
Subjects:

MARC

LEADER 00000cam a2200000 7i4500
001 0000006346
005 20101109093000.0
008 021119s1943
090 0 0 |a BP80.O4   |b N8 (j1-2) 
100 0 |a Shibli Nu'mani, Muhammad ,   |d 1857-1914 ,   |e author 
245 0 0 |a Omar the Great (the second caliph of Islam)   |c by Shams-ul ulama Allama Shibli Nu'mani   |f translated by Maulana Zafar Ali Khan 
260 2 |a Lahore :   |b Sh. Muhammad Ashraf ,   |c 1943 
300 |a 2 v. ;   |c 20 cm. 
600 0 0 |a Umar ibn al-Khattab ,   |c Caliph ,   |d d. 644 
999 |a 1000001922   |b Book   |c OPEN SHELF (30 DAYS)   |e Gong Badak Campus 
999 |a 1000001923   |b Book   |c OPEN SHELF (30 DAYS)   |e Gong Badak Campus 
999 |a 1000001924   |b Book   |c OPEN SHELF (30 DAYS)   |e Gong Badak Campus 
999 |a 1000001925   |b Book   |c OPEN SHELF (30 DAYS)   |e Gong Badak Campus